00587nam a2200145Ia 4500008004100000245016000041260004500201260000900246300000900255500000900264650001300273856006300286999001900349952007300368170516s9999 xx 000 0 und d aEffect of process and formulation variables on the preparation of parenteral paclitaxel-loaded biodegradable polymeric nanoparticles: A co-surfactant study bAsian Journal of Pharmaceutical Sciences c2016 a11:3 aJune xPharmacy uhttp://www.sciencedirect.com/science/journal/18180876/11/3 c331269d331269 001040aCLbCLd2017-05-16l0r2017-05-16 00:00:00w2017-05-16yFOJ